[Event "CZE-ch U14"]
[Site "Sec u Chrudimi"]
[Date "2005.10.22"]
[Round "1"]
[White "Kriz, Daniel"]
[Black "Stanicek, Petr"]
[Result "1-0"]
[WhiteElo "1791"]
[BlackElo "1373"]
[PlyCount "63"]
[EventDate "2005.10.22"]
[EventType "swiss"]
[EventRounds "9"]
[EventCountry "CZE"]
[SourceTitle "EXT 2008"]
[Source "ChessBase"]
[SourceDate "2007.11.25"]
[SourceVersion "1"]
[SourceVersionDate "2007.11.25"]
[SourceQuality "1"]

1. e4 e5 2. Nf3 Nc6 3. Nc3 Nf6 4. Bb5 a6 5. Bxc6 bxc6 6. Nxe5 Qe7 7. d4 Bb7 8. 0-0 d6 9. Nf3 Nxe4 10. Nxe4 c5 11. Nc3 Qf6 12. Re1+ Be7 13. Bg5 Qg6 14. Bxe7 Kd7 15. dxc5 Kc8 16. cxd6 cxd6 17. Qxd6 Qxd6 18. Bxd6 Rd8 19. Bg3 Bc6 20. Ne5 Kb7 21. Nxc6 Kxc6 22. Re7 Rf8 23. Rd1 Rad8 24. Rxd8 Rxd8 25. Rxf7 Re8 26. f3 Rg8 27. Be5 h5 28. Rc7+ Kb6 29. Nd5+ Kb5 30. c4+ Ka5 31. Bc3+ Ka4 32. Ra7 1-0